zpět

Detail výsledku týmu

Pizza-Doma ST, Plzeň

Datum a čas kvízu

41 Celkem bodů Celkový počet nahraných bodů na tomto kvízu bez doplňovacích otázek.
4. Pořadí na kvízu Konečné umístění týmu na tomto kvízu.

Zaznamenané odpovědi

# Otázka Odpověď Body Výsledky
1. Odvolací Městský soud v Praze... Pavel Novotný, Kateřina Kristelová 1
2. Jak se nazývá malá africká zem... Lesotho 1
3. V úterý měl na Netflixu premié... Meghan (Markle) 1
4. Minulý týden se ve Španělsku k... Barcelona 1
5. Minulý týden skončila základní... 1D 2C 3B 4A 0
6. V roce 1978 zakoupila jistá me... Greenpeace 1
7. V tématu o slavných lodích se... Carpathia 0
8. Loď Beagle na své druhé plavbě... Charles Darwin 1
9. Válečná loď Vasa ujela celkem... ve Stockholmu 1
10. Ceremoniál podpisu kapitulační... Missouri 1